ბათუმის შოთა რუსთაველის სახელმწიფო უნივერსიტეტის ბიბლიოთეკა

Bridging the gap : (ბიბ.ჩანაწერი № 57738)

000 -LEADER
fixed length control field 00999cam a2200241 a 4500
001 - CONTROL NUMBER
control field 651682
005 - DATE AND TIME OF LATEST TRANSACTION
control field 20201102143636.0
008 - FIXED-LENGTH DATA ELEMENTS--GENERAL INFORMATION
fixed length control field 940308s1994 ne a b 001 0 eng
010 ## - LIBRARY OF CONGRESS CONTROL NUMBER
LC control number 94009728
020 ## - INTERNATIONAL STANDARD BOOK NUMBER
International Standard Book Number 9781556194818
041 ## - LANGUAGE CODE
Language code of text/sound track or separate title eng
080 ## - UNIVERSAL DECIMAL CLASSIFICATION NUMBER
Universal Decimal Classification number 81. 255.2 B-86
245 00 - TITLE STATEMENT
Title Bridging the gap :
Remainder of title empirical research in simultaneous interpretation. Volume 3 /
Statement of responsibility, etc. edited by Sylvie Lambert, Barbara Moser-Mercer.
264 ## - PRODUCTION, PUBLICATION, DISTRIBUTION, MANUFACTURE, AND COPYRIGHT NOTICE
Place of production, publication, distribution, manufacture Amsterdam ;
Name of producer, publisher, distributor, manufacturer J. Benjamins,
Date of production, publication, distribution, manufacture, or copyright notice 1994.
300 ## - PHYSICAL DESCRIPTION
Extent 362 p. :
Other physical details ill. ;
Dimensions 23 cm.
440 #0 - SERIES STATEMENT/ADDED ENTRY--TITLE
Title Benjamins translation library,
International Standard Serial Number 0929-7316 ;
Volume/sequential designation v. 3
9 (RLIN) 9632
504 ## - BIBLIOGRAPHY, ETC. NOTE
Bibliography, etc. note Includes bibliographical references and index.
650 #0 - SUBJECT ADDED ENTRY--TOPICAL TERM
Topical term or geographic name entry element Translating and interpreting.
9 (RLIN) 9634
653 ## - INDEX TERM--UNCONTROLLED
keyword ემპირიული კვლევა ერთდროულ ინტერპრეტაციაში
700 1# - ADDED ENTRY--PERSONAL NAME
Personal name Lambert, Sylvie,
Dates associated with a name 1957-
9 (RLIN) 9635
Relator term რედაქტორი
700 2# - ADDED ENTRY--PERSONAL NAME
Personal name Moser-Mercer, Barbara.
9 (RLIN) 9636
Relator term რედაქტორი
942 ## - ADDED ENTRY ELEMENTS (KOHA)
Source of classification or shelving scheme
Koha item type წიგნი
ეგზემპლარები
Withdrawn status Lost status Source of classification or shelving scheme Damaged status Not for loan Permanent Location Current Location Shelving location Date acquired Cost, normal purchase price Full call number Barcode Date last seen Copy number Price effective from Koha item type Public note
          ბათუმის შოთა რუსთაველის სახელმწიფო უნივერსიტეტის მთავარი ბიბლიოთეკა ბათუმის შოთა რუსთაველის სახელმწიფო უნივერსიტეტის მთავარი ბიბლიოთეკა წიგნსაცავი 2020-10-21 444.00 81. 255.2 B-86 61090 2020-10-21 61090 2020-10-21 წიგნი 444 ლ.